Adieu : επικήδειος για τον Emmanuel Levinas
Αποθηκεύτηκε σε:
| Κύριος συγγραφέας: | |
|---|---|
| Μορφή: | Βιβλίο |
| Γλώσσα: | Greek French |
| Δημοσίευση: |
Αθήνα :
Άγρα,
1996.
|
| Θέματα: | |
| Ετικέτες: |
Προσθήκη ετικέτας
Δεν υπάρχουν, Καταχωρήστε ετικέτα πρώτοι!
|
MARC
| LEADER | 00000nam a2200000 a 4500 | ||
|---|---|---|---|
| 001 | 1/125542 | ||
| 008 | 221024s1996####gr | ||| |||| ||gre|| | ||
| 020 | |a 9603251755 | ||
| 040 | |a GR-MyUa |b gre |c GR-MyUa |e AACR2 | ||
| 041 | 1 | |a gre |h fre | |
| 082 | 7 | |a 194 |2 (23) | |
| 100 | 1 | |a Derrida, Jacques. | |
| 245 | 1 | 0 | |a Adieu : |b επικήδειος για τον Emmanuel Levinas / |c Jacques Derrida ; μετάφραση, σημειώσεις: Βαγγέλης Μπιτσώρης. |
| 260 | |a Αθήνα : |b Άγρα, |c 1996. | ||
| 300 | |a 44 σ. ; |c 18 εκ. | ||
| 504 | |a Περιλαμβάνει βιβλιογραφικές παραπομπές. | ||
| 600 | 1 | 0 | |a Levinas, Emmanuel. |
| 852 | |a INST |b SYROS |e 20221024 |h 194 DER |p 005500015599 |q 005500015599 |t BK |y 0 | ||
| 970 | |a Κοντού |b Παρασκευή |z 24/10/2022 | ||